000 01966nam a2200301Ia 4500
005 20220317001403.0
008 161108s2010 ck g 000 0 spa
020 _a9789587580440
100 1 _aVargas Llosa, Mario
_d1936-
245 1 3 _aLa fiesta del chivo
_cMario Vargas Llosa
250 _a1a. edición
_b1a reimpresión
300 _a518 páginas
_c22 cm
520 _a¿Por qué regresa Urania Cabral a la isla que juró no volver a pisar? ¿Por qué sigue vacía y llena de miedo desde los catorce años? ¿Por qué no ha tenido un solo amor? En La Fiesta del Chivo asistimos a un doble retorno. Mientras Urania visita a su padre en Santo Domingo, volvemos a 1961, cuando la capital dominicana aún se llamaba Ciudad Trujillo. Allí un hombre que no suda tiraniza a tres millones de personas sin saber que se gesta una maquiavélica transición a la democracia. Vargas Llosa, un clásico contemporáneo, relata el fin de una era dando voz, entre otros personajes históricos, al impecable e implacable general Trujillo, apodado el Chivo, y al sosegado y hábil doctor Balaguer (sempiterno presidente de la República Dominicana). Con un ritmo y una precisión difícilmente superables, este peruano universal muestra que la política puede consistir en abrirse camino entre cadáveres, y que un ser inocente puede convertirse en un regalo truculento
521 _aRecomendado para adultos
586 _aPremio Internacional de Literatura Rómulo Gallego, 1967
650 1 4 _2LEMB
_aNovela peruana
_ySiglo XX
650 1 4 _2LEMB
_aLiteratura peruana
_ySiglo XX
650 1 4 _2LEMB
_aDiablo en la literatura
650 1 4 _2LEMB
_aPolítica en la literatura
650 1 4 _2LEMB
_aDictadores en la literatura
942 _2loc
_cBKLIT
264 _aBogotá
_bAlfaguara
_c2010
336 _atexto
_btxt
_2rdacontent
337 _asin mediación
_bn
_2rdamedia
338 _avolumen
_bnc
_2rdacarrier
040 _aCO-BoRNBP
_bspa
_erda
_cCO-BoRNBP
084 _aN VAR1
999 _c6817
_d6817